000 00717nam a22002177a 4500
005 20100810112328.0
010 _aENG-99257
020 _c198.00
035 _aEN-82789
037 _bDBAD/PUB
082 _a302
100 _aVipan, B. Kumar
_910114
245 _aA text book of social psychology /
_cby Vipan B. Kumar
260 _aMumbai
_bHimalaya Publising House
_c2008
270 _a"Ramdoot'', Dr. Bhalergo Marg, Girgaon,
_bMumbai
_e400 004
300 _a446p.:
_c24cm (pbk)
_bill
500 _aIncludes index
650 _aSocial psychology
_910115
942 _2ddc
_cEN
_h302
_mVIP
999 _c40656
_d40656